| 000 | 00765cab a2200241 4500 | ||
|---|---|---|---|
| 001 | WB2908-53 | ||
| 008 | 090401t1993 xxu||||| |||| 00| 0 eng d | ||
| 035 | _a(Sirsi) u59334 | ||
| 041 | _aeng | ||
| 245 | _aExtra-statutory CGT concession | ||
| 260 | _c1993 | ||
| 350 | _a0 | ||
| 490 |
_aInland Revenue Press Release _v17 February 1993 (2) |
||
| 520 | _aThe Inland Revenue has granted an extra-statutory concession for capital gains tax on settled property which ceases on the death of a beneficiary. | ||
| 650 | _aCAPITAL GAINS TAX | ||
| 650 | _aEXTRA-STATUTORY CONCESSION | ||
| 650 | _aLIFE INTEREST | ||
| 650 | _aSETTLED PROPERTY | ||
| 650 | _aTAXATION OF CHARGEABLE GAINS ACT 1992 S68 | ||
| 690 | _aTAXATION | ||
| 942 | _n0 | ||
| 948 | _c04/03/1997 | ||
| 999 |
_c36402 _d36402 |
||